Zdaňovanie príjmov z operácií s cennými papiermi diplomová práca

Gespeichert in:
Bibliographische Detailangaben
1. Verfasser: Paľová, Veronika
Körperschaft: Národohospodárska fakulta EU. Katedra financií
Weitere Verfasser: Kubicová, Jana, 1961-
Format: Buch
Sprache:Slowakisch
Veröffentlicht: Bratislava 2020
Tags: Tag hinzufügen
Keine Tags, Fügen Sie das erste Tag hinzu!

MARC

LEADER 00000nbm a2200000 4500
001 0264456
005 20200928144255.5
041 0 |a slo 
044 |a SK 
245 1 0 |a Zdaňovanie príjmov z operácií s cennými papiermi  |b diplomová práca  |c Veronika Paľová ; školiteľ: Jana Kubicová 
264 1 |a Bratislava  |c 2020 
300 |a 64 s. 
100 1 |a Paľová, Veronika 
700 1 |a Kubicová, Jana, 1961- 
710 2 |a Národohospodárska fakulta EU. Katedra financií